|
|
|
|
| LEADER |
00000nam0a2200000 4500 |
| 001 |
146176 |
| 005 |
20231031144519.0 |
| 035 |
|
|
|a (RuTPU)RU\TPU\book\158443
|
| 090 |
|
|
|a 146176
|
| 100 |
|
|
|a 20081027d1985 k y0rusy50 ca
|
| 101 |
0 |
|
|a rus
|
| 102 |
|
|
|a RU
|
| 105 |
|
|
|a a z 001zy
|
| 200 |
1 |
|
|a Охрана водных объектов при добыче и обогащении руд и углей
|f Е. М. Трофимович, С. М. Гурвич
|
| 210 |
|
|
|a Москва
|c Недра
|d 1985
|
| 215 |
|
|
|a 192 с.
|c ил.
|
| 320 |
|
|
|a Библиогр.: с. 190-191.
|
| 610 |
1 |
|
|a горные работы
|
| 610 |
1 |
|
|a водные объекты
|
| 610 |
1 |
|
|a окружающая среда
|
| 610 |
1 |
|
|a добыча
|
| 610 |
1 |
|
|a обогащение
|
| 610 |
1 |
|
|a руды
|
| 610 |
1 |
|
|a уголь
|
| 610 |
1 |
|
|a санитарная охрана
|
| 610 |
1 |
|
|a водоемы
|
| 675 |
|
|
|a 622.88
|v 3
|
| 675 |
|
|
|a 622.51
|v 3
|
| 700 |
|
1 |
|a Трофимович
|b Е. М.
|g Евгений Михайлович
|
| 701 |
|
1 |
|a Гурвич
|b С. М.
|g Семен Маркович
|
| 801 |
|
1 |
|a RU
|b 63413507
|c 20081027
|g PSBO
|
| 801 |
|
2 |
|a RU
|b 63413507
|c 20150403
|g PSBO
|
| 900 |
|
|
|a Комплексное использование и охрана водных ресурсов
|
| 942 |
|
|
|c BK
|